00326nam a2200121 45000010006000000050017000060080041000230350003000640410007000672450078000742600043001523000009001951702620230411085950.0060907n1996 dr spa   aES0 aJuntos podemos :bfe y alegria movimiento de educación popular integral a(Santo Domingo) :b[s.n.],c1996  ap.v.